000 00325nam a2200121Ia 4500
005 20251222154430.0
008 251222s9999||||xx |||||||||||||| ||spa||
082 _a616.89/S42
100 _aSerrano Vasquez, Manuel
245 0 _aPsicopatología, Arte y Sociedad
264 _bAsociación Gallega de Psiquiatría
942 _cLIB
999 _c36377
_d36377